00406nam a2200145Ia 450000500170000000800410001702000180005808200200007610000330009624500610012925000120019026000360020230000130023844000090025120240626144935.0240126s9999 xx 000 0 und d a9781259026416 a658.8 RAM;1 R aRamaswamy V S. Namakumari S. 0aMarketing management : global perspective indian context a5th ed. bMcMillan indiaaNew Delhic2013 axlv, 788 aNULL